[Event "Ch Moscow"]
[Site "masterchessopen.com Moscow (Russia)"]
[Round "1"]
[White "Dobrov Vladimir (RUS)"]
[Black "Cherniaev Alexander (RUS)"]
[Result "0-1"]
[WhiteElo "2252"]
[BlackElo "2278"]

1.d4 Nf6 2.c4 e6 3.Nc3 Bb4 4.e3 b6 5.Ne2 c5 6.a3 Ba5 7.Rb1 Qe7 8.Bd2 Na6 9.d5
O-O 10.g3 exd5 11.cxd5 Nxd5 12.Bg2 Bxc3 13.bxc3 Bb7 14.O-O d6 15.e4 Ndc7
16.Nf4 f5 17.Nd5 Qf7 18.c4 fxe4 19.f3 Nxd5 20.cxd5 Qxd5 21.Bf4 Qxd1 22.Rbxd1
exf3 {#R} 0-1

[Event "Ch World (juniors) (under 14)"]
[Site "masterchessopen.com Oropesa (Spain)"]
[Round "10"]
[White "Rau Hannes (GER)"]
[Black "Rendle Thomas (ENG)"]
[Result "1-0"]
[WhiteElo "2227"]
[BlackElo "2119"]

1.d4 Nf6 2.c4 e6 3.Nc3 Bb4 4.e3 b6 5.Ne2 Ne4 6.Qc2 Bb7 7.a3 Bxc3+ 8.Nxc3 f5
9.b3 c5 10.dxc5 bxc5 11.Bb2 O-O 12.O-O-O a5 13.f3 Nxc3 14.Qxc3 Qe7 15.h4 Nc6
16.f4 a4 17.h5 h6 18.Rh3 Na5 19.bxa4 Rf7 20.Bd3 Bc6 21.Bc2 Nb7 22.Rg3 Kh7
23.Rg6 Rg8 24.g4 Nd6 25.Rxd6 Qxd6 26.gxf5 Bxa4 27.fxe6 Bxc2 28.Qxc2 {#r} 1-0

[Event "Tournament"]
[Site "masterchessopen.com S-Spiritus (Cuba)"]
[Round "0"]
[White "Kuan Luis (CUB)"]
[Black "Morella Julio (CUB)"]
[Result "0-1"]
[WhiteElo "2083"]
[BlackElo "2338"]

1.d4 Nf6 2.c4 e6 3.Nc3 Bb4 4.e3 b6 5.Ne2 Bb7 6.a3 Be7 7.d5 O-O 8.e4 e5 9.Ng3
Ne8 10.Nf5 Bg5 11.Bxg5 Qxg5 12.h4 Qd8 13.g4 d6 14.g5 Bc8 15.Bh3 Kh8 16.Qd2 g6
17.Nh6 Ng7 18.Bxc8 Qxc8 19.O-O-O Nd7 20.f4 exf4 21.Ne2 Nc5 22.Qxf4 f5 23.h5
Qe8 24.hxg6 Qxg6 25.exf5 Nxf5 26.Nxf5 Nb3+ 27.Kb1 Rxf5 28.Qe4 Nd2+ 29.Rxd2
Rf1+ 30.Rxf1 Qxe4+ 31.Ka1 Qe3 32.Rc2 Qd3 33.Rfc1 Rf8 {#R} 0-1

[Event "Ch Paulista"]
[Site "masterchessopen.com Sao Caetano (Brazil)"]
[Round "4"]
[White "De Souza Mauro (BRA)"]
[Black "Milos Gilberto (BRA)"]
[Result "0-1"]
[WhiteElo "2359"]
[BlackElo "2586"]

1.d4 Nf6 2.c4 e6 3.Nc3 Bb4 4.e3 b6 5.Ne2 c5 6.a3 Ba5 7.Rb1 Na6 8.Bd2 O-O 9.Ng3
Bb7 10.Bd3 d5 11.cxd5 cxd4 12.exd4 Bxc3 13.bxc3 Qxd5 14.Qe2 Nc7 15.f3 Qd6
16.a4 Qa3 17.Qd1 Rfe8 18.Ne4 Nxe4 19.fxe4 f5 20.O-O fxe4 21.Bc2 e5 22.Qh5 g6
23.Qh4 exd4 24.cxd4 Bd5 25.Bf4 Ne6 26.Be5 Qe3+ 27.Kh1 Qg5 28.Qh3 e3 29.Rf6
Rac8 30.Rxg6+ hxg6 31.Qh8+ Kf7 32.Rf1+ Ke7 33.Qh7+ Kd8 34.Bf6+ Qxf6 35.Rxf6
Rxc2 36.Kg1 Rxg2+ 37.Kf1 e2+ 38.Ke1 Rg1+ {#R} 0-1

[Event "It (open)"]
[Site "masterchessopen.com Sulzfeld (Germany)"]
[Round "6"]
[White "Seiler Josef"]
[Black "Florea Dan (GER)"]
[Result "0-1"]
[WhiteElo "2097"]
[BlackElo "2263"]

1.d4 e6 2.c4 Nf6 3.Nc3 Bb4 4.e3 b6 5.Ne2 Bb7 6.a3 Be7 7.Nf4 d5 8.cxd5 exd5
9.Be2 O-O 10.O-O Bd6 11.b4 Nbd7 12.Qb3 Re8 13.Bf3 Bxf4 14.exf4 Nf8 15.f5 Qd7
16.g4 h6 17.Bf4 N8h7 18.h4 h5 19.Qd1 hxg4 20.Bxg4 c5 21.bxc5 bxc5 22.Bh3 cxd4
23.Qxd4 Rec8 24.Kh2 Rc4 25.Qd2 d4 26.Ne2 d3 27.Nc3 Qc6 28.Rg1 Rxc3 29.Bg2 Ne4
30.Qe3 Nhf6 31.Be5 {#R} 0-1

[Event "Cup Russia (open)"]
[Site "masterchessopen.com Tula (Russia)"]
[Round "1"]
[White "Guliev Sarhan (AZE)"]
[Black "Chikovani Vakhtang (GEO)"]
[Result "1-0"]
[WhiteElo "2477"]
[BlackElo "2295"]

1.d4 Nf6 2.c4 e6 3.Nc3 Bb4 4.e3 b6 5.Ne2 Bb7 6.a3 Be7 7.d5 exd5 8.cxd5 O-O
9.Ng3 Re8 10.Be2 Bd6 11.O-O Be5 12.Bf3 d6 13.Nf5 Bxc3 14.bxc3 Re5 15.Qc2 Bxd5
16.Bxd5 Nxd5 17.e4 Nf6 18.Bg5 Nbd7 19.f4 Rc5 20.Rae1 Qf8 21.e5 Nd5 22.Rf3 f6
23.Rh3 fxg5 24.e6 g6 25.Nh6+ Kg7 26.exd7 gxf4 27.Qe4 Rd8 28.Ng4 h5 29.Qd4+ Kg8
30.Re6 Rxd7 31.Rxg6+ Kf7 32.Qe4 Re7 33.Qf5+ Ke8 34.Qc8+ Kf7 35.Nh6+ Kxg6
36.Qxf8 Rb5 37.Qf5+ Kg7 38.Qg5+ Kh7 39.Qf5+ Kg7 {#r} 1-0

[Event "Cup Russia (open)"]
[Site "masterchessopen.com Tula (Russia)"]
[Round "8"]
[White "Guliev Sarhan (AZE)"]
[Black "Shariyazdanov Andrey (RUS)"]
[Result "0-1"]
[WhiteElo "2477"]
[BlackElo "2588"]

1.d4 Nf6 2.c4 e6 3.Nc3 Bb4 4.e3 b6 5.Ne2 c5 6.a3 Ba5 7.Rb1 Na6 8.Bd2 O-O 9.d5
d6 10.f3 exd5 11.Nxd5 Nxd5 12.cxd5 Bxd2+ 13.Qxd2 Nc7 14.Ng3 f5 15.b4 Qf6
16.bxc5 dxc5 17.Bc4 Ne8 18.d6+ Be6 19.Bb5 Rd8 20.Bxe8 Rfxe8 21.O-O Bf7 22.Rfd1
Re6 23.Qc2 g6 24.d7 Rxe3 25.Qa4 Ba2 26.Re1 Qe7 {#R} 0-1

[Event "It (open)"]
[Site "masterchessopen.com Baden (Switzerland)"]
[Round "6"]
[White "Buss Ralph (SUI)"]
[Black "Foisor Ovidiu Doru (ROM)"]
[Result "0-1"]
[WhiteElo "2183"]
[BlackElo "2404"]

1.d4 Nf6 2.c4 e6 3.Nc3 Bb4 4.e3 b6 5.Ne2 Bb7 6.a3 Be7 7.d5 O-O 8.e4 Re8 9.g3
exd5 10.cxd5 Bf8 11.Bg2 c5 12.O-O d6 13.h3 a5 14.a4 Na6 15.g4 Nb4 16.Ng3 c4
17.Be3 Nd7 18.f4 Nc5 19.Bxc5 bxc5 20.Rf3 Ba6 21.Bf1 Qf6 22.Nb5 Bxb5 23.axb5
Qxb2 24.Bxc4 g6 25.e5 dxe5 26.fxe5 Rxe5 27.d6 Bxd6 28.Rxf7 Kh8 29.Kh1 Rd8
30.Rxa5 Qc3 31.Raa7 Re1+ 32.Qxe1 Qxe1+ 33.Bf1 Bxg3 {#R} 0-1

[Event "It (open)"]
[Site "masterchessopen.com Biel (Switzerland)"]
[Round "6"]
[White "Kempinski Robert (POL)"]
[Black "Handke Florian (GER)"]
[Result "1-0"]
[WhiteElo "2522"]
[BlackElo "2455"]

1.d4 Nf6 2.c4 e6 3.Nc3 Bb4 4.e3 b6 5.Ne2 Ne4 6.Qd3 Bb7 7.d5 Qh4 8.Ng3 Bxc3+
9.bxc3 Nxg3 10.fxg3 Qf6 11.Be2 O-O 12.Rf1 Qe7 13.e4 Na6 14.Bf4 Nc5 15.Qf3 f5
16.exf5 exd5 17.Qe3 Qf7 18.O-O-O Rae8 19.Qd2 Ne4 20.Qc2 Qf6 21.Bh5 Re7 22.cxd5
Nxc3 23.d6 Re4 24.Qb3+ Kh8 25.dxc7 Rb4 26.Rd6 Rxb3 27.Rxf6 Nxa2+ 28.Kc2 Rc3+
29.Kb2 Rxf6 30.Re1 Rf8 31.Kxa2 Rc6 32.Bf3 d5 33.Re7 h6 34.g4 Rg8 35.Be5 Rc5
36.f6 Kh7 37.h4 Kg6 38.h5+ Kg5 39.Rxg7+ Rxg7 40.fxg7 {#r} 1-0

[Event "Cup Russia (open)"]
[Site "masterchessopen.com Bor (Russia)"]
[Round "1"]
[White "Pres Grigorij (RUS)"]
[Black "Lukashuk Aleksandr (RUS)"]
[Result "1-0"]
[WhiteElo "2356"]
[BlackElo "2135"]

1.d4 Nf6 2.c4 e6 3.Nc3 Bb4 4.e3 b6 5.Ne2 Ne4 6.Qc2 f5 7.f3 Nxc3 8.Nxc3 Bb7
9.Qf2 O-O 10.Bd2 Be7 11.Bd3 d6 12.O-O Nd7 13.Rae1 c5 14.Ne2 Bf6 15.Nf4 Qe8
16.Bc3 e5 17.Nd5 Bxd5 18.cxd5 Qh5 19.dxc5 Nxc5 20.Qc2 Nxd3 21.Qxd3 Rac8 22.Bb4
Be7 23.Rc1 Qf7 24.Rc6 Rxc6 25.dxc6 Rc8 26.Rc1 Qe6 27.e4 fxe4 28.fxe4 Qxa2
29.Bxd6 Bg5 30.Rc2 Qb1+ 31.Kf2 Kh8 32.c7 Qh1 33.Qh3 {#r} 1-0

[Event "It (open) \"]
[Site "masterchessopen.com Copenhagen (Denmark)"]
[Round "9"]
[White "Ronsted Torben (DEN)"]
[Black "Nielsen Thomas Bach (DEN)"]
[Result "1-0"]
[WhiteElo "2114"]
[BlackElo "2257"]

1.d4 Nf6 2.c4 e6 3.Nc3 Bb4 4.e3 b6 5.Ne2 Bb7 6.a3 Be7 7.d5 exd5 8.cxd5 Bd6
9.e4 c6 10.f4 Nxd5 11.exd5 O-O 12.dxc6 dxc6 13.Ne4 Qe7 14.Qxd6 Qxe4 15.Bd2 Ba6
16.Qd4 Qe7 17.Bc3 f6 18.Bb4 c5 19.Qd5+ Kh8 20.Qxa8 cxb4 21.Qf3 Bb7 22.Qb3 Rc8
23.Rd1 Na6 24.Kf2 Nc5 25.Qe3 Ne4+ 26.Kg1 bxa3 27.bxa3 Qf7 28.Ng3 Nc5 29.Be2
Re8 30.Qf2 Qb3 31.h3 Qxa3 32.Kh2 Qb2 33.Qd4 Qa2 34.Rd2 Qf7 35.Bb5 Rf8 36.Bc4
Qc7 37.Qd6 Qc8 38.Rhd1 Bxg2 39.Qxf8+ {#r} 1-0

[Event "Ch England (team) 1999/00 (2 div)"]
[Site "masterchessopen.com England"]
[Round "7"]
[White "Upton Ian J (ENG)"]
[Black "Dickinson Timothy R (ENG)"]
[Result "1-0"]
[WhiteElo "2258"]
[BlackElo "2140"]

1.d4 Nf6 2.c4 e6 3.Nc3 Bb4 4.e3 b6 5.Ne2 Bb7 6.a3 Be7 7.Nf4 d6 8.d5 e5 9.Nh3
a5 10.Bd3 Bc8 11.Ng1 Na6 12.Nge2 g6 13.O-O Bf8 14.b4 Bg7 15.e4 O-O 16.Bd2 Nh5
17.Rb1 axb4 18.axb4 Nb8 19.c5 f5 20.c6 f4 21.f3 g5 22.Nc1 Rf6 23.Be2 Rh6
24.Nd3 g4 25.fxg4 Ng3 26.hxg3 fxg3 27.g5 Ra3 28.Rf3 Rxc3 29.Rxg3 {#r} 1-0

[Event "Ch Germany (juniors) (under 16)"]
[Site "masterchessopen.com Germany"]
[Round "7"]
[White "Feige Manuel (GER)"]
[Black "Zentgraf Robert (GER)"]
[Result "1-0"]
[WhiteElo "2257"]
[BlackElo "2170"]

1.d4 Nf6 2.c4 e6 3.Nc3 Bb4 4.e3 b6 5.Ne2 O-O 6.a3 Bxc3+ 7.Nxc3 Bb7 8.Bd3 d6
9.O-O Nbd7 10.b4 e5 11.d5 Ne8 12.f4 Ba6 13.Bb2 f5 14.fxe5 Nxe5 15.Bxf5 Nf6
16.b5 Bc8 17.Qd4 Bxf5 18.Rxf5 Qd7 19.Raf1 Rae8 20.Ne4 Nfg4 21.Rxf8+ Rxf8
22.Rxf8+ Kxf8 23.h3 Nh6 24.Ng5 Qf5 25.Ne6+ Kg8 26.e4 Qg6 27.Qf2 Nhf7 28.Bxe5
dxe5 29.c5 Qxe4 30.Qxf7+ {#r} 1-0

[Event "Ch Germany (team) (w)"]
[Site "masterchessopen.com Germany"]
[Round "4"]
[White "Kopylova Luba (GER)"]
[Black "Jahn Constanze (GER)"]
[Result "1-0"]
[WhiteElo "2192"]
[BlackElo "2138"]

1.d4 Nf6 2.c4 e6 3.Nc3 Bb4 4.e3 b6 5.Ne2 Bb7 6.a3 Be7 7.d5 O-O 8.Ng3 d6 9.Bd3
Nbd7 10.e4 Nc5 11.Be2 a5 12.O-O Re8 13.f4 exd5 14.cxd5 Bf8 15.Bb5 Ba6 16.Bxe8
Qxe8 17.Rf3 a4 18.Re3 Qd7 19.Nh5 Nxh5 20.Qxh5 g6 21.Qh4 Bg7 22.Rh3 h5 23.f5
Re8 24.f6 Bh8 25.Rg3 Bd3 26.Bh6 Bxe4 27.Re3 Bf5 28.Rxe8+ Qxe8 29.Re1 Qd8
30.Re7 Nd7 31.Bg5 Kf8 32.Nb5 Bd3 33.Nd4 Qc8 34.Qh3 Bf5 35.Nxf5 Nxf6 36.Rxf7+
{#r} 1-0

[Event "Olympiad"]
[Site "masterchessopen.com Istanbul (Turkey)"]
[Round "13"]
[White "Watanabe Akira (JPN)"]
[Black "Haznedaroglu Kivanc (TUR)"]
[Result "0-1"]
[WhiteElo "2374"]
[BlackElo "2249"]

1.d4 Nf6 2.c4 e6 3.Nc3 Bb4 4.e3 b6 5.Ne2 c5 6.a3 Ba5 7.Rb1 Na6 8.Bd2 O-O 9.Ng3
Bb7 10.Bd3 Bxg2 11.Rg1 Bb7 12.d5 b5 13.Nh5 g6 14.cxb5 Nc7 15.d6 Ncd5 16.b4
cxb4 17.Nxd5 exd5 18.Bxb4 Bb6 19.Qf3 Nxh5 20.Qxh5 Qf6 21.Qg5 Qg7 22.Kd2 Rfe8
23.a4 d4 24.e4 Bxe4 25.Bxe4 Rxe4 26.a5 Bd8 27.Qd5 Re8 28.Kd3 Bh4 29.Rge1 Bxf2
30.Re7 Bh4 31.Rf1 Bf6 32.b6 axb6 33.axb6 Kh8 34.Rxf7 Qh6 35.b7 Qe3+ 36.Kc4
Qe2+ 37.Kc5 Qc2+ 38.Kb6 Bd8+ {#R} 0-1

[Event "It (open)"]
[Site "masterchessopen.com Kilkenny (Ireland)"]
[Round "3"]
[White "O'Connell Gerard (IRL)"]
[Black "O'Cinneide Mel (IRL)"]
[Result "1-0"]
[WhiteElo "2175"]
[BlackElo "2244"]

1.d4 Nf6 2.c4 e6 3.Nc3 Bb4 4.e3 b6 5.Ne2 Ne4 6.Qc2 Bb7 7.a3 Bxc3+ 8.Nxc3 Nxc3
9.Qxc3 O-O 10.b4 d6 11.Qc2 f5 12.f3 Nd7 13.Bd3 a5 14.b5 Qg5 15.O-O Rf6 16.Qf2
e5 17.f4 exf4 18.exf4 Qh5 19.Be2 Qf7 20.d5 Nc5 21.Bb2 Rh6 22.Rad1 Re8 23.Bf3
Ne4 24.Qc2 Qe7 25.Rde1 Bc8 26.Re3 Qh4 27.g3 Qh3 28.Rfe1 Kf7 29.Qg2 Qxg2+
30.Kxg2 Nf6 31.Rxe8 Nxe8 32.Rxe8 Kxe8 33.Bxg7 Rg6 34.Bh5 Ke7 35.Bxg6 hxg6
36.Bd4 Kf7 37.Kh3 Bd7 38.Kh4 Be8 39.Kg5 Bd7 40.Bf6 {#r} 1-0

[Event "It (open)"]
[Site "masterchessopen.com Klatovy (Czech Republic)"]
[Round "0"]
[White "Vitak Pavel (CZE)"]
[Black "Smejkal Ladislav (CZE)"]
[Result "1-0"]
[WhiteElo "2197"]
[BlackElo "2131"]

1.d4 Nf6 2.c4 e6 3.e3 b6 4.Nc3 Bb4 5.Ne2 Ne4 6.f3 Bxc3+ 7.bxc3 Nd6 8.Ng3 Ba6
9.Qa4 Qh4 10.Bd3 f5 11.O-O O-O 12.Bd2 g5 13.Rf2 Ne8 14.Qd1 Nc6 15.Qe2 Nd6
16.e4 f4 17.Nf1 Na5 18.e5 Ndxc4 19.Bc1 Qh6 20.Nd2 b5 21.Ne4 Bb7 22.Nf6+ Rxf6
23.exf6 Qxf6 24.Rb1 a6 25.g3 d6 26.gxf4 gxf4 27.Rg2+ Kh8 28.Rg4 e5 29.Qg2 Qf7
30.Rg5 Rg8 31.a4 Bc6 32.Kf2 h6 33.Qh3 Qf6 34.Rh5 Kg7 35.Bxf4 {#r} 1-0

[Event "It (open)"]
[Site "masterchessopen.com Leinfeld (Germany)"]
[Round "8"]
[White "Dittmar Peter (GER)"]
[Black "Fahnenschmidt Gerhard Dr (GER)"]
[Result "1-0"]
[WhiteElo "2364"]
[BlackElo "2265"]

1.d4 Nf6 2.c4 e6 3.Nc3 Bb4 4.e3 b6 5.Ne2 Ne4 6.Qc2 Bb7 7.a3 Qh4 8.axb4 Nxf2
9.g3 Qf6 10.Rg1 Ng4 11.Nf4 Nc6 12.Ra4 a5 13.bxa5 bxa5 14.Qe2 Qf5 15.h3 Nf6
16.g4 Qg5 17.Qf2 e5 18.h4 Nxg4 19.Rxg4 Qxg4 20.Bh3 Qxh3 21.Nxh3 O-O 22.d5 Nb4
23.Qe2 f5 24.Na2 c5 25.Nxb4 cxb4 26.b3 Ra6 27.Bb2 d6 28.Ng5 Rf6 29.Qh5 h6
30.Qe8+ Rf8 31.Qe6+ Kh8 32.Qe7 Raa8 33.Ne6 {#r} 1-0

[Event "It (cat.8)"]
[Site "masterchessopen.com Lichfield (England)"]
[Round "9"]
[White "Arkell Keith C (ENG)"]
[Black "Crouch Colin S (ENG)"]
[Result "0-1"]
[WhiteElo "2481"]
[BlackElo "2448"]

1.d4 Nf6 2.c4 e6 3.Nc3 Bb4 4.e3 b6 5.Ne2 Ne4 6.Bd2 Nxd2 7.Qxd2 O-O 8.a3 Be7
9.g3 Bb7 10.d5 d6 11.Nd4 c5 12.Nc2 f5 13.e4 fxe4 14.Nxe4 exd5 15.cxd5 Nd7
16.Bg2 b5 17.Ne3 Ne5 18.f4 Nc4 19.Nxc4 bxc4 20.O-O Bf6 21.Kh1 Rb8 22.Rfe1 Ba8
23.Nc3 g5 24.fxg5 Bxg5 25.Qe2 Kh8 26.Qxc4 Rxb2 27.Ne4 Bh6 28.Rf1 Qe7 29.Rxf8+
Bxf8 30.Rf1 Bg7 31.h4 Bb7 32.Ng5 Qe3 33.Qe4 Qxe4 34.Bxe4 Re2 35.Rb1 Bb2
36.Nf7+ Kg8 37.Nxd6 Ba6 38.Bf3 Rf2 39.Ne4 Bd3 40.d6 Rxf3 {#R} 0-1

[Event "Ch Great Britain"]
[Site "masterchessopen.com Millfield (England)"]
[Round "5"]
[White "Lilley Graham (ENG)"]
[Black "D'Costa Lorin (ENG)"]
[Result "0-1"]
[WhiteElo "2224"]
[BlackElo "2157"]

1.d4 Nf6 2.c4 e6 3.Nc3 Bb4 4.e3 b6 5.Ne2 Ne4 6.Qc2 Bb7 7.f3 Nxc3 8.Nxc3 O-O
9.Bd3 Qh4+ 10.g3 Qh5 11.O-O Bxc3 12.bxc3 f5 13.Ba3 d6 14.e4 fxe4 15.Bxe4 Nc6
16.f4 Rab8 17.Rae1 Rf6 18.c5 dxc5 19.dxc5 Na5 20.cxb6 axb6 21.Bxb7 Nxb7 22.Be7
Rf7 23.Rxe6 Rxe7 24.f5 Rxe6 25.fxe6 Qe5 26.Rf7 Nc5 27.Qd2 Nxe6 28.Re7 Qc5+
{#R} 0-1

[Event "Cup Russia (open)"]
[Site "masterchessopen.com Minsk (Belarus)"]
[Round "1"]
[White "Aleksandrov Aleksej (BLR)"]
[Black "Jerozkij Valerij (BLR)"]
[Result "1-0"]
[WhiteElo "2591"]
[BlackElo "2269"]

1.d4 Nf6 2.c4 e6 3.Nc3 Bb4 4.e3 b6 5.Ne2 Ne4 6.Bd2 Nxd2 7.Qxd2 f5 8.g3 Bb7
9.d5 O-O 10.Bg2 Qf6 11.O-O e5 12.a3 Bxc3 13.Nxc3 d6 14.Nb5 Rf7 15.b4 a6 16.Nc3
Nd7 17.Ne2 e4 18.Nd4 Ne5 19.Rac1 b5 20.cxb5 Bxd5 21.Nc6 Bxc6 22.bxc6 Rd8
23.Rfd1 Rb8 24.Qd5 Qh6 25.Rb1 Rb5 26.Qa2 Rb6 27.Rdc1 Nxc6 28.Rc2 Kf8 29.Rbc1
Ne5 30.Rxc7 Rxc7 31.Rxc7 Rc6 32.Rxc6 Nxc6 33.Qc4 Ne5 34.Qc8+ Ke7 35.Qxf5 {#r}
1-0

[Event "Ch World (juniors) (under 16)"]
[Site "masterchessopen.com Oropesa (Spain)"]
[Round "9"]
[White "Feige Manuel (GER)"]
[Black "Lindberg Bosse (SWE)"]
[Result "0-1"]
[WhiteElo "2257"]
[BlackElo "2159"]

1.d4 Nf6 2.c4 e6 3.Nc3 Bb4 4.e3 b6 5.Ne2 Bb7 6.a3 Be7 7.d5 O-O 8.e4 d6 9.g3
Re8 10.Bg2 Bf8 11.O-O a5 12.f4 exd5 13.cxd5 Na6 14.Nd4 Nc5 15.Re1 g6 16.g4 Bg7
17.Nc6 Bxc6 18.dxc6 h6 19.h4 a4 20.g5 hxg5 21.hxg5 Nh7 22.Nd5 f6 23.f5 Nxg5
24.fxg6 Nce6 25.Qh5 Ra5 26.Bh3 Nxh3+ 27.Qxh3 Nf8 28.Bd2 Rc5 29.Qf5 Re5 30.Qg4
f5 31.Bg5 Qe8 32.Qg3 fxe4 33.Nf6+ Bxf6 34.Bxf6 Re6 35.Rf1 Qxg6 36.Qxg6+ Nxg6
37.Bd8 Rxc6 {#R} 0-1

[Event "Ch Russia (w) (1 liga)"]
[Site "masterchessopen.com Orsk (Russia)"]
[Round "3"]
[White "Ovchinnikova Julia (RUS)"]
[Black "Saunina Ludmila (RUS)"]
[Result "0-1"]
[WhiteElo "2215"]
[BlackElo "2256"]

1.d4 Nf6 2.c4 e6 3.Nc3 Bb4 4.e3 b6 5.Ne2 c5 6.a3 Ba5 7.Rb1 Na6 8.Ng3 Bb7 9.f3
cxd4 10.Qxd4 Bxc3+ 11.Qxc3 O-O 12.e4 d5 13.e5 Nd7 14.cxd5 exd5 15.Be2 Rc8
16.Qd4 Nac5 17.Nf5 Ne6 18.Qe3 d4 19.Qd2 Nxe5 20.O-O d3 21.Bd1 Nc4 22.Qf2 d2
23.Bb3 dxc1=Q 24.Rbxc1 Ne5 25.Rcd1 Qf6 26.Nd6 Rc7 27.Nb5 Re7 28.Nxa7 Nc5
29.Bc2 Ba6 {#R} 0-1

[Event "It \"]
[Site "masterchessopen.com Philadelphia (USA)"]
[Round "1"]
[White "De Fotis Gary (USA)"]
[Black "Tegshsuren Enkhb (USA)"]
[Result "0-1"]
[WhiteElo "2250"]
[BlackElo "2415"]

1.d4 Nf6 2.c4 e6 3.Nc3 Bb4 4.e3 b6 5.Ne2 c5 6.a3 Ba5 7.Rb1 Na6 8.Bd2 O-O 9.Ng3
Bb7 10.f3 h5 11.h4 d5 12.cxd5 cxd4 13.exd4 b5 14.Bxb5 Nc7 15.dxe6 Nxe6 16.Nce2
Bc7 17.Be3 Bxg3+ 18.Nxg3 Qa5+ 19.Qd2 Qxb5 20.Kf2 Qd5 21.Rbc1 Ng4+ 22.fxg4
Qxg2+ 23.Ke1 Qxg3+ 24.Bf2 Qxg4 25.Rg1 Qe4+ {#R} 0-1

[Event "Ch Switzerland (w) (open)"]
[Site "masterchessopen.com Pontresina (Switzerland)"]
[Round "6"]
[White "Schmid Shahanah (SUI)"]
[Black "Jahn Constanze (GER)"]
[Result "0-1"]
[WhiteElo "2113"]
[BlackElo "2138"]

1.d4 Nf6 2.c4 e6 3.Nc3 Bb4 4.e3 b6 5.Ne2 Bb7 6.a3 Be7 7.d5 b5 8.dxe6 fxe6
9.Nxb5 O-O 10.f3 a6 11.Nbc3 Bd6 12.e4 Nh5 13.Be3 Nc6 14.c5 Be5 15.Qd2 Na5
16.Bg5 Qe8 17.Rd1 Qg6 18.Be7 Rfe8 19.Bh4 Nb3 20.Qxd7 Nxc5 21.Qd2 a5 22.Qg5
Qxg5 23.Bxg5 Ba6 24.Be3 Nd3+ 25.Rxd3 Bxd3 26.Nd4 Bxf1 27.Rxf1 Bxh2 28.f4 e5
29.Ndb5 exf4 30.Bc5 Ng3 31.Rxf4 Nh5 32.Rf5 Nf6 33.Kf2 Be5 34.Kf3 Rad8 35.Ke3
g6 36.Rf1 Kg7 37.Na7 Bxc3 38.bxc3 Rxe4+ 39.Kf3 Rd3+ {#R} 0-1

[Event "Memorial M.Chigorin (open)"]
[Site "masterchessopen.com St. Petersburg (Russia)"]
[Round "3"]
[White "Lastin Alexander (RUS)"]
[Black "Obukhov Alexander (RUS)"]
[Result "1-0"]
[WhiteElo "2580"]
[BlackElo "2425"]

1.d4 Nf6 2.c4 e6 3.Nc3 Bb4 4.e3 b6 5.Ne2 c5 6.a3 Ba5 7.Rb1 Na6 8.Qa4 Qe7 9.Bd2
Bb7 10.f3 O-O 11.b4 cxb4 12.Nb5 bxa3 13.Bxa5 bxa5 14.Qxa5 a2 15.Qxa2 Nb4
16.Qd2 a5 17.Nec3 Ne8 18.Be2 Qh4+ 19.g3 Qh3 20.Kf2 f5 21.d5 e5 22.Ra1 Ra6
23.Na4 f4 24.exf4 exf4 25.Nc5 Nf6 26.Rag1 Ng4+ 27.Ke1 Ne3 28.Qc3 Rb6 29.gxf4
g6 30.Kd2 Re8 31.Nxb7 Rxb7 32.Qf6 Qh6 33.Nd6 Rf8 34.Qg5 Qg7 35.Qe5 {#r} 1-0

[Event "Ch France (open) (seniors)"]
[Site "masterchessopen.com Vichy (France)"]
[Round "5"]
[White "Vaisman Volodia (FRA)"]
[Black "Corrigan Francis (FRA)"]
[Result "1-0"]
[WhiteElo "2389"]
[BlackElo "1959"]

1.c4 Nf6 2.Nc3 e6 3.d4 Bb4 4.e3 b6 5.Ne2 Ne4 6.Qc2 Bb7 7.a3 Bxc3+ 8.Nxc3 f5
9.b4 O-O 10.Bb2 a5 11.b5 d6 12.O-O-O Qe7 13.Na4 Nd7 14.f3 Nef6 15.Bd3 Rac8
16.d5 exd5 17.cxd5 Bxd5 18.Nc3 c6 19.bxc6 Rxc6 20.Kb1 Qf7 21.Qe2 Bb3 22.Rc1
Rfc8 23.Nb5 Ne5 24.Nxd6 Rxc1+ 25.Bxc1 Qd7 26.Nxc8 Nxd3 27.Ne7+ Kf8 28.Nc6 Bc4
29.Nd4 Nd5 30.Bb2 {#r} 1-0

[Event "It (open)"]
[Site "masterchessopen.com Zalakaros (Hungary)"]
[Round "5"]
[White "Dobos Jozsef (HUN)"]
[Black "Szekely Csaba (HUN)"]
[Result "1-0"]
[WhiteElo "2336"]
[BlackElo "2234"]

1.d4 Nf6 2.c4 e6 3.Nc3 Bb4 4.e3 b6 5.Ne2 Bb7 6.a3 Be7 7.Ng3 d5 8.cxd5 Nxd5
9.Nxd5 Qxd5 10.e4 Qd7 11.Be3 Ba6 12.Bxa6 Nxa6 13.Qe2 Nb8 14.O-O O-O 15.Rac1 c6
16.Nh5 Kh8 17.Rc3 a5 18.Rd1 a4 19.Bf4 Ra5 20.Nxg7 Kxg7 21.Qg4+ Kh8 22.Rg3 Bf6
23.Bh6 {#r} 1-0

[Event "Cup European Club"]
[Site "masterchessopen.com Neum (Bosnia & Herzegovina)"]
[Date "2000.09.25"]
[Round "2"]
[White "Sokolov Ivan (NED)"]
[Black "Ionescu Constantin (ROM)"]
[Result "1-0"]
[WhiteElo "2611"]
[BlackElo "2492"]

1.d4 Nf6 2.c4 e6 3.Nc3 Bb4 4.e3 b6 5.Ne2 Bb7 6.a3 Be7 7.d5 O-O 8.Ng3 d6 9.Be2
c6 10.dxe6 fxe6 11.O-O Nbd7 12.b4 Re8 13.e4 a6 14.Qb3 Bf8 15.Be3 b5 16.cxb5
axb5 17.Rfd1 Kh8 18.Rac1 g6 19.h4 e5 20.h5 Qe7 21.hxg6 hxg6 22.a4 bxa4 23.Nxa4
Reb8 24.Bg5 Kg7 25.Bg4 Qe8 26.Bh3 Ra7 27.Nb2 Ba8 28.Qe3 Rc7 29.Nd3 Rb5 30.Ne2
Ng8 31.Nc3 Rb8 32.Nd5 Rcc8 33.Bxd7 Qxd7 34.Nb6 Qb7 35.Nxc8 Rxc8 36.Ra1 Rc7
37.Nxe5 dxe5 38.Rd8 {#r} 1-0

[Event "It \"]
[Site "masterchessopen.com Berlin (Germany)"]
[Date "2000.11.20"]
[Round "6"]
[White "Gruenberg K (GER)"]
[Black "Munke Andreas"]
[Result "1-0"]
[WhiteElo "2107"]
[BlackElo "1111"]

1.d4 Nf6 2.c4 e6 3.Nc3 Bb4 4.e3 b6 5.Ne2 Bb7 6.a3 Be7 7.d5 O-O 8.e4 a5 9.Ng3
d6 10.Be3 Na6 11.Rb1 Nd7 12.Be2 Bf6 13.Nb5 Nac5 14.b4 axb4 15.axb4 Na4 16.Bd4
Bxd4 17.Qxd4 Ba6 18.O-O Bxb5 19.cxb5 Qf6 20.Qxf6 Nxf6 21.dxe6 fxe6 22.Rfc1 Ra7
23.Rc2 d5 24.Ra1 dxe4 25.Rca2 Rfa8 26.Bd1 Nd5 27.Rxa4 Rxa4 28.Rxa4 Rxa4
29.Bxa4 Nc3 30.Bb3 Kf7 31.Bc4 Kf6 32.Nh5+ {#r} 1-0

[Event "Ch Germany"]
[Site "masterchessopen.com Altenkirchen (Germany)"]
[Round "6"]
[White "Jussupow Artur (GER)"]
[Black "Handke Florian (GER)"]
[Result "0-1"]
[WhiteElo "2633"]
[BlackElo "2407"]

1.d4 Nf6 2.c4 e6 3.Nc3 Bb4 4.e3 b6 5.Ne2 Ne4 6.f3 Nxc3 7.bxc3 Be7 8.Ng3 Nc6
9.Bd3 h5 10.O-O h4 11.Ne4 Ba6 12.Qe2 Na5 13.Nd2 d5 14.cxd5 Bxd3 15.Qxd3 Qxd5
16.c4 Qd7 17.Bb2 O-O 18.f4 f5 19.Bc3 Nb7 20.e4 Nc5 21.Qe3 Nxe4 22.Nxe4 fxe4
23.Qxe4 Bf6 24.Rf3 Rad8 25.Rd1 c5 26.d5 Bxc3 27.Rxc3 exd5 28.cxd5 Qg4 29.Rf1
Rfe8 30.Qc4 Re2 31.g3 Rd2 32.d6+ Kh8 33.Rc2 Rxc2 34.Qxc2 hxg3 35.Qd3 c4
36.Qxc4 Rxd6 37.Qe4 gxh2+ 38.Kh1 Rg6 {#R} 0-1

[Event "Ch World (juniors) (under 20)"]
[Site "masterchessopen.com Athens (Greece)"]
[Round "8"]
[White "Khamzin Olzhas (KAZ)"]
[Black "Kristjansson Stefan (ISL)"]
[Result "0-1"]
[WhiteElo "2242"]
[BlackElo "2374"]

1.d4 e6 2.c4 Nf6 3.Nc3 Bb4 4.e3 b6 5.Ne2 Bb7 6.a3 Be7 7.d5 d6 8.g3 b5 9.Qb3
Nbd7 10.Nd4 O-O 11.Qxb5 Rb8 12.Nc6 Bxc6 13.Qxc6 Nc5 14.dxe6 Rb6 15.exf7+ Rxf7
16.Qg2 Nb3 17.Rb1 d5 18.cxd5 Nxc1 19.Rxc1 Rxb2 20.Bc4 Bd6 21.O-O Qe8 22.h3 Re7
23.Qf3 Rf7 24.Rb1 Rc2 25.Rfc1 Rd2 26.Qf5 Re7 27.Nb5 Ne4 28.Nxc7 Rxc7 29.Bb5
Qf7 30.Qxf7+ Kxf7 31.Rxc7+ Bxc7 32.Rc1 {#R} 0-1